Call Me When You Break Up-Selena Gomez, benny blanco (All Lyrics) - Statistics

General Stats
  • This quiz has been taken 12 times
  • The average score is 260 of 341
Answer Stats
Lyrics % Correct
a
100%
break
100%
call
100%
Call
100%
for
100%
I
100%
me
100%
up
100%
up?
100%
up,
100%
wake
100%
when
100%
you
100%
You
100%
an
89%
be
89%
been
89%
can
89%
first
89%
has
89%
it
89%
it,
89%
it)
89%
make
89%
mind
89%
of
89%
on
89%
one
89%
the
89%
to
89%
voice
89%
wanna
89%
Your
89%
your
89%
about
78%
And
78%
(and
78%
and
78%
automatic
78%
could
78%
could)
78%
down
78%
feel
78%
feelin'
78%
forever
78%
forwarded
78%
I'm
78%
In
78%
in
78%
makeup
78%
message
78%
miss
78%
my
78%
name
78%
off
78%
(oh,
78%
so
78%
takin'
78%
talk
78%
we'd
78%
We'd
78%
Won't
78%
you're
78%
Ah
67%
ah
67%
Ah,
67%
ah,
67%
ever
67%
have
67%
I'll
67%
(I'll
67%
is
67%
made
67%
maybe
67%
not
67%
please
67%
show
67%
space
67%
stay
67%
take
67%
they
67%
time
67%
us,
67%
was
67%
way
67%
what
67%
worth
67%
At
56%
available
56%
basement
56%
battlin'
56%
every
56%
forget
56%
God,
56%
lack
56%
Look,
56%
record
56%
their
56%
Tried
56%
We're
56%
will
56%
along
44%
beds
44%
cracks
44%
each
44%
faith
44%
from
44%
I'd
44%
I've
44%
like
44%
looked
44%
luck
44%
mean,
44%
meant
44%
medication
44%
obvious
44%
other
44%
pavement
44%
replacement
44%
skipping
44%
stranger
44%
system
44%
that
44%
until
44%
bankrupt
33%
bars
33%
emotionally
33%
know
33%
new
33%
outta
33%
person
33%
strangers'
33%
there
33%
tone,
33%
Unless
33%
want
33%
ah-ah
22%
ah-ah,
22%
always
22%
(Cl-)
22%
comes
22%
day
22%
don't
22%
found
22%
here,
22%
picked
22%
um)
11%
No matching quizzes found
Score Distribution
Percent of People with Each Score
Percentile by Number Answered
Your Score History
You have not taken this quiz